| 000 | 04640nam a2201957 i 4500 | ||
|---|---|---|---|
| 001 | nkc20243639489 | ||
| 003 | CZ PrSKC | ||
| 005 | 20260424145151.0 | ||
| 007 | ta | ||
| 008 | 241025s2024 xr acehe 001 0ccze | ||
| 015 | _acnb003639489 | ||
| 020 |
_a9788076960350 _q(vázáno) |
||
| 035 | _a(OCoLC)1477946210 | ||
| 040 |
_aOLA001 _bcze _dABA001 _erda |
||
| 043 | _ae-xr--- | ||
| 045 | _aw-x- | ||
| 072 | 7 |
_a658 _xŘízení a správa podniku _2Konspekt |
|
| 072 | 7 |
_a929 _xBiografie _2Konspekt |
|
| 080 |
_a658.114-051 _2MRF |
||
| 080 |
_a(=411.16) _2MRF |
||
| 080 |
_a658.114(091) _2MRF |
||
| 080 |
_a929 _2MRF |
||
| 080 |
_a(437.3) _2MRF |
||
| 080 |
_a(0:82-96) _2MRF |
||
| 080 |
_a(092) _2MRF |
||
| 100 | 1 |
_aKosatík, Pavel, _d1962- _4aut |
|
| 245 | 1 | 0 |
_aPodnikání pod Davidovou hvězdou / _cPavel Kosatík |
| 250 | _aVydání první | ||
| 264 | 1 |
_aPraha : _bPráh, _c2024 |
|
| 300 |
_a551 stran : _bilustrace, portréty, plány, faksimile ; _c24 cm |
||
| 336 |
_atext _btxt _2rdacontent |
||
| 337 |
_abez média _bn _2rdamedia |
||
| 338 |
_asvazek _bnc _2rdacarrier |
||
| 504 | _aObsahuje bibliografii a rejstřík | ||
| 520 | 2 | _aPráce sleduje historii a ekonomické aktivity osmi židovských podnikatelských rodin z českých zemí v období devatenáctého a první poloviny minulého století. | |
| 648 | 7 |
_a19.-20. století _2czenas |
|
| 650 | 0 | 7 |
_apodnikatelé _zČesko _y19.-20. století _2czenas |
| 650 | 0 | 7 |
_aŽidé _zČesko _y19.-20. století _2czenas |
| 650 | 0 | 7 |
_adějiny podnikání _zČesko _y19.-20. století _2czenas |
| 650 | 0 | 9 |
_abusinessmen _zCzechia _y19th-20th centuries _2eczenas |
| 650 | 0 | 9 |
_aJews _zCzechia _y19th-20th centuries _2eczenas |
| 650 | 0 | 9 |
_abusiness history _zCzechia _y19th-20th centuries _2eczenas |
| 655 | 7 |
_aliteratura faktu _2czenas |
|
| 655 | 7 |
_abiografie _2czenas |
|
| 655 | 9 |
_anon-fiction _2eczenas |
|
| 655 | 9 |
_abiography _2eczenas |
|
| 900 | _b19 | ||
| 910 | _aABA001 | ||
| 910 | _aABA006 | ||
| 910 | _aABA010 | ||
| 910 | _aABB036 | ||
| 910 | _aABB060 | ||
| 910 | _aABB083 | ||
| 910 | _aABD064 | ||
| 910 | _aABD103 | ||
| 910 | _aABD186 | ||
| 910 | _aABE031 | ||
| 910 | _aABE301 | ||
| 910 | _aABE311 | ||
| 910 | _aABE323 | ||
| 910 | _aABE344 | ||
| 910 | _aABE461 | ||
| 910 | _aABG001 | ||
| 910 | _aABG502 | ||
| 910 | _aABG503 | ||
| 910 | _aABG505 | ||
| 910 | _aBKG001 | ||
| 910 | _aBNG001 | ||
| 910 | _aBOA001 | ||
| 910 | _aBOD001 | ||
| 910 | _aBOG001 | ||
| 910 | _aBRG001 | ||
| 910 | _aBVG001 | ||
| 910 | _aCBA001 | ||
| 910 | _aCHG001 | ||
| 910 | _aCHG501 | ||
| 910 | _aCKG001 | ||
| 910 | _aCRE301 | ||
| 910 | _aCRG001 | ||
| 910 | _aCVG001 | ||
| 910 | _aCVG504 | ||
| 910 | _aDCG302 | ||
| 910 | _aDOG001 | ||
| 910 | _aFMG002 | ||
| 910 | _aHBG001 | ||
| 910 | _aHKA001 | ||
| 910 | _aHKG001 | ||
| 910 | _aHOG503 | ||
| 910 | _aHOG504 | ||
| 910 | _aJCG001 | ||
| 910 | _aJEG502 | ||
| 910 | _aJHD001 | ||
| 910 | _aJIG001 | ||
| 910 | _aJNG001 | ||
| 910 | _aKAG001 | ||
| 910 | _aKAG503 | ||
| 910 | _aKHG001 | ||
| 910 | _aKLG001 | ||
| 910 | _aKLG002 | ||
| 910 | _aKLG501 | ||
| 910 | _aKMG001 | ||
| 910 | _aKMG502 | ||
| 910 | _aKOG001 | ||
| 910 | _aKTG001 | ||
| 910 | _aKTG501 | ||
| 910 | _aKVG001 | ||
| 910 | _aLIA001 | ||
| 910 | _aLIE303 | ||
| 910 | _aLNG001 | ||
| 910 | _aLTG001 | ||
| 910 | _aMBG001 | ||
| 910 | _aMEG502 | ||
| 910 | _aMOG501 | ||
| 910 | _aNAG502 | ||
| 910 | _aNBG001 | ||
| 910 | _aNBG501 | ||
| 910 | _aNBG505 | ||
| 910 | _aNJG001 | ||
| 910 | _aOLA001 | ||
| 910 | _aOLD012 | ||
| 910 | _aOLG001 | ||
| 910 | _aOPG001 | ||
| 910 | _aOSA001 | ||
| 910 | _aOSD001 | ||
| 910 | _aOSG002 | ||
| 910 | _aPAG001 | ||
| 910 | _aPBG001 | ||
| 910 | _aPBG501 | ||
| 910 | _aPEG001 | ||
| 910 | _aPEG501 | ||
| 910 | _aPIE302 | ||
| 910 | _aPIG001 | ||
| 910 | _aPNA001 | ||
| 910 | _aPND007 | ||
| 910 | _aPNG001 | ||
| 910 | _aPNG502 | ||
| 910 | _aPRE302 | ||
| 910 | _aPRG001 | ||
| 910 | _aPRG501 | ||
| 910 | _aRKG001 | ||
| 910 | _aSTG001 | ||
| 910 | _aSUG001 | ||
| 910 | _aSVG001 | ||
| 910 | _aSVG502 | ||
| 910 | _aTAE301 | ||
| 910 | _aTAG001 | ||
| 910 | _aTPG001 | ||
| 910 | _aTPG503 | ||
| 910 | _aTRG001 | ||
| 910 | _aTUG001 | ||
| 910 | _aTUG504 | ||
| 910 | _aTUG509 | ||
| 910 | _aUHG001 | ||
| 910 | _aULD001 | ||
| 910 | _aULE301 | ||
| 910 | _aULG001 | ||
| 910 | _aUOG502 | ||
| 910 | _aVSG501 | ||
| 910 | _aVYG001 | ||
| 910 | _aZLD002 | ||
| 910 | _aZLG001 | ||
| 910 | _aZNG001 | ||
| 910 | _aZRG001 | ||
| 910 | _aZRG503 | ||
| 942 |
_2ddc _cKNIHA _n0 |
||
| 999 |
_c1879 _d1879 |
||